ბათუმის შოთა რუსთაველის სახელმწიფო უნივერსიტეტის ბიბლიოთეკა

ჩანაწერი Personal Name

ჩანაწერთა რაოდენობა, რომელიც გამოყენებულია: 1

001 - CONTROL NUMBER

  • control field: 2299

003 - CONTROL NUMBER IDENTIFIER

  • control field: GE_BSU

005 - DATE AND TIME OF LATEST TRANSACTION

  • control field: 20190607204509.0

008 - FIXED-LENGTH DATA ELEMENTS

  • fixed length control field: 190607|| aca||aabn | a|a d

040 ## - CATALOGING SOURCE

  • Original cataloging agency: GE_BSU
  • Transcribing agency: GE_BSU

100 ## - HEADING--PERSONAL NAME

  • Personal name: ლიპარტელიანი, ნინო და სხვ.
  • Relator term: ავტორი

670 ## - SOURCE DATA FOUND

  • Source citation: Work cat.: (GE_BSU)36815: "საქართველოში აგრარული პოლიტიკისა და სამართლებრივი რეგულირების პრობლემები თანამედროვე ეტაპზე", რესპუბლიკური სამეცნიერო-პრაქტიკული კონფერენცია (2011, ბათუმი) რესპუბლიკური სამეცნიერო-პრაქტიკული კონფერენცია "საქართველოში აგრარული პოლიტიკისა და სამართლებრივი რეგულირების პრობლემები თანამედროვე ეტაპზე" :